[Event "4NCL 2012-13"]
[Site "Hinckley ENG"]
[Date "2013.05.05"]
[Round "10.153"]
[White "Zeidler, Sven P."]
[Black "Cherniaev, Alexander"]
[Result "0-1"]
[WhiteTitle "FM"]
[BlackTitle "GM"]
[WhiteElo "2281"]
[BlackElo "2460"]
[WhiteTeam "South Wales Dragons"]
[BlackTeam "Guildford"]
[WhiteFideId "1800604"]
[BlackFideId "4117301"]
[EventDate "2012.11.03"]

1. e4 c5 2. f4 g6 3. d4 d5 4. exd5 Qxd5 5. Nc3 Qxd4 6. Qf3 Nf6 7. Bb5+ Nbd7 8.
Be3 Qd6 9. Rd1 Qc7 10. Nge2 a6 11. Bc4 Bg7 12. a4 O-O 13. h3 Nb6 14. Ba2 Bd7 15.
a5 Na4 16. O-O Bc6 17. Qf2 Qxa5 18. Ra1 Qc7 19. Nxa4 Bxa4 20. Bxf7+ Rxf7 21.
Rxa4 Nd7 22. Qf3 Raf8 23. Rd1 Nb6 24. Ra5 Nd7 25. Ra3 e5 26. Qd5 Kh8 27. Rad3 c4
28. R3d2 c3 29. bxc3 Nb6 30. Qc5 Nc4 31. Rd5 Nxe3 32. Qxe3 exf4 33. Qf3 Re7 34.
Nd4 Re3 35. Qg4 Qxc3 36. Ne6 Rg3 37. Qe2 f3 38. Qd3 f2+ 39. Kf1 Rxd3 40. R5xd3
Qxc2 41. Nxf8 Bxf8 42. Rd8 Kg7 43. R1d7+ Kh6 44. Rd2 Qb1+ 45. Kxf2 Bc5+ 46. Ke2
Qe4+ 47. Kd1 a5 48. Rc8 b6 49. Rc7 a4 50. Rdd7 Qxg2 51. h4 Qf3+ 52. Kc2 Kh5 53.
Rxh7+ Kg4 54. Rcg7 Qe4+ 0-1

[Event "4NCL 2012-13"]
[Site "Hinckley ENG"]
[Date "2013.05.05"]
[Round "10.154"]
[White "Cuenca Jimenez, Jose Fernando"]
[Black "Redmond, John P."]
[Result "1-0"]
[WhiteTitle "IM"]
[WhiteElo "2490"]
[BlackElo "2236"]
[WhiteTeam "Guildford"]
[BlackTeam "South Wales Dragons"]
[WhiteFideId "2255570"]
[BlackFideId "2500051"]
[EventDate "2012.11.03"]

1. c4 Nf6 2. Nf3 e6 3. g3 a6 4. Bg2 b5 5. b3 c5 6. O-O Bb7 7. Bb2 Be7 8. e3 O-O
9. Nc3 Ne4 10. Ne2 Qb6 11. Qc2 Nf6 12. d3 d6 13. e4 Nc6 14. a3 Nd7 15. Rab1 Rfc8
16. h3 Bf6 17. Bc1 Rab8 18. Bd2 Ba8 19. g4 Qd8 20. g5 Be7 21. h4 bxc4 22. dxc4
Nf8 23. Bh3 Rc7 24. Nf4 Rcb7 25. Bc3 e5 26. Nd5 Ne6 27. b4 Ncd4 28. Nxd4 cxd4
29. Bd2 Ra7 30. Qd3 Bc6 31. Kh2 Nc7 32. f4 Nxd5 33. exd5 Bd7 34. Bg2 f5 35. fxe5
dxe5 36. c5 Bb5 37. Qb3 Bxf1 38. d6+ Kh8 39. dxe7 Rxe7 40. Rxf1 Qf8 1-0

[Event "4NCL 2012-13"]
[Site "Hinckley ENG"]
[Date "2013.05.05"]
[Round "10.155"]
[White "Jameson, David"]
[Black "Kosten, Anthony C."]
[Result "1/2-1/2"]
[BlackTitle "GM"]
[WhiteElo "2143"]
[BlackElo "2479"]
[WhiteTeam "South Wales Dragons"]
[BlackTeam "Guildford"]
[WhiteFideId "1801538"]
[BlackFideId "400114"]
[EventDate "2012.11.03"]

1. d4 Nf6 2. c4 e6 3. Nf3 Nc6 4. Nc3 Bb4 5. Bd2 d5 6. e3 O-O 7. Rc1 dxc4 8. Bxc4
a6 9. Be2 Bd6 10. h3 e5 11. d5 Ne7 12. e4 Ng6 13. O-O Qe7 14. Re1 Nh5 15. Nh4
Qxh4 16. Bxh5 Ne7 17. Bg4 f5 18. exf5 Bxf5 19. Be3 Rad8 20. Bxf5 Nxf5 21. Qg4
Qxg4 22. hxg4 Nxe3 23. Rxe3 Bc5 24. Re2 Bd4 25. Kf1 Rf7 26. Rd1 Rd6 27. f3 b5
28. a3 Rfd7 29. Rde1 Rb6 30. Rc1 b4 31. axb4 Rxb4 32. Nd1 h6 33. Rc6 a5 34. Rd2
Kh7 35. Ke2 Rb5 36. Rdc2 Rb7 37. Ke1 Kg8 38. Ke2 Kf8 39. Ne3 Rxb2 40. Rxb2 Bxb2
41. Ra6 Bd4 42. Rxa5 Rd8 43. Nf5 Bg1 44. Ne3 Rb8 45. Nc4 Bd4 1/2-1/2

[Event "4NCL 2012-13"]
[Site "Hinckley ENG"]
[Date "2013.05.05"]
[Round "10.156"]
[White "Conquest, Stuart C"]
[Black "Morris, Charles F"]
[Result "1-0"]
[WhiteTitle "GM"]
[WhiteElo "2487"]
[BlackElo "2155"]
[WhiteTeam "Guildford"]
[BlackTeam "South Wales Dragons"]
[WhiteFideId "400181"]
[BlackFideId "1800140"]
[EventDate "2012.11.03"]

1. d4 d5 2. Nf3 Nf6 3. Bg5 Ne4 4. Bh4 c5 5. dxc5 Qa5+ 6. c3 Qxc5 7. e3 Nc6 8.
Be2 h6 9. Nbd2 g5 10. Bg3 Nxg3 11. hxg3 Bg7 12. Nb3 Qd6 13. Qc2 Qf6 14. a4 e5
15. e4 dxe4 16. Qxe4 Bf5 17. Qe3 O-O 18. O-O Rfe8 19. a5 Rab8 20. Bb5 Red8 21.
Rfe1 a6 22. Bc4 Rbc8 23. Nfd2 Ne7 24. Qf3 Qc6 25. Re3 Qxf3 26. gxf3 Bc2 27. Bf1
Nf5 28. Ree1 Nd6 29. Rec1 Bg6 30. Ra4 f5 31. Re1 Be8 32. Raa1 Nb5 33. Nc4 Bf7
34. Nbd2 Re8 35. Re3 f4 36. Ree1 Re7 37. Rad1 Rd8 38. Ne4 Red7 39. Rxd7 Rxd7 40.
Nb6 Re7 41. Rd1 Be6 42. Nd5 Rf7 43. Bc4 Nc7 44. Nc5 Bxd5 45. Rxd5 Nxd5 46. Bxd5
Bf8 47. Nxb7 Be7 48. b4 1-0

[Event "4NCL 2012-13"]
[Site "Hinckley ENG"]
[Date "2013.05.05"]
[Round "10.157"]
[White "James, David"]
[Black "Sarakauskas, Gediminas"]
[Result "1/2-1/2"]
[WhiteTitle "FM"]
[BlackTitle "IM"]
[WhiteElo "2147"]
[BlackElo "2408"]
[WhiteTeam "South Wales Dragons"]
[BlackTeam "Guildford"]
[WhiteFideId "1800272"]
[BlackFideId "12800724"]
[EventDate "2012.11.03"]

1. d4 d5 2. Nf3 Nf6 3. c4 c6 4. g3 Bf5 5. Nh4 Be4 6. f3 Bxb1 7. Rxb1 e6 8. Qb3
Qb6 9. c5 Qxb3 10. axb3 b6 11. b4 Nbd7 12. Bd2 Be7 13. e3 O-O 14. Be2 a5 15. b5
cxb5 16. c6 Nb8 17. Bxb5 Rc8 18. Rc1 Ne8 19. c7 Nxc7 20. Ke2 Nba6 21. Bc6 Rab8
22. Rc2 Bb4 23. Bd7 Rd8 24. Bxb4 Rxd7 25. Bd2 Kf8 26. Ng2 Nb5 27. Rhc1 Ke7 28.
Nf4 Rc7 29. Rxc7+ Naxc7 30. Nd3 f6 31. b3 Kd7 32. Nb2 Rc8 33. Na4 Na8 34. Rxc8
Kxc8 35. b4 axb4 36. Bxb4 Kd7 37. Kd3 Kc6 38. h4 Nac7 39. h5 Ne8 40. g4 g6 41.
hxg6 hxg6 42. e4 f5 43. exf5 exf5 44. gxf5 gxf5 45. Be7 Nbc7 46. Nc3 Ne6 47. Ba3
N8c7 48. Ne2 Nb5 49. Be7 Kd7 50. Bf6 Ke8 51. Ng3 Kf7 52. Be5 Kg6 53. Ne2 Kg5 54.
Nc3 Nxc3 55. Kxc3 f4 56. Kb4 Kf5 57. Kb5 Ng5 58. Kc6 Nxf3 59. Kxd5 Nxe5 60. dxe5
f3 61. e6 Kf6 62. Kd6 f2 63. e7 f1=Q 64. e8=Q Qf4+ 65. Kd5 Qf5+ 66. Kc4 Qc5+ 67.
Kb3 1/2-1/2

[Event "4NCL 2012-13"]
[Site "Hinckley ENG"]
[Date "2013.05.05"]
[Round "10.158"]
[White "Ciuksyte, Dagne"]
[Black "Owens, Megan R"]
[Result "1-0"]
[WhiteTitle "IM"]
[WhiteElo "2354"]
[BlackElo "1847"]
[WhiteTeam "Guildford 2"]
[BlackTeam "South Wales Dragons"]
[WhiteFideId "12800619"]
[BlackFideId "1801996"]
[EventDate "2012.11.03"]

1. e4 c5 2. Nf3 g6 3. d4 cxd4 4. Qxd4 Nf6 5. e5 Nc6 6. Qf4 Nd5 7. Qe4 Nb6 8. Nc3
Bg7 9. Bf4 O-O 10. O-O-O f6 11. h4 fxe5 12. Bg5 Qe8 13. h5 d6 14. Qh4 Bf5 15.
Bb5 Bf6 16. g4 Bxg5+ 17. Nxg5 1-0

[Event "4NCL 2012-13"]
[Site "Hinckley ENG"]
[Date "2013.05.05"]
[Round "10.162"]
[White "Sowray, Peter J"]
[Black "Greet, Andrew N"]
[Result "1-0"]
[WhiteTitle "FM"]
[BlackTitle "IM"]
[WhiteElo "2362"]
[BlackElo "2438"]
[WhiteTeam "e2e4.org.uk"]
[BlackTeam "Wood Green, Hilsmark Kingfisher"]
[WhiteFideId "400971"]
[BlackFideId "405817"]
[EventDate "2012.11.03"]

1. d4 Nf6 2. c4 e6 3. Nc3 Bb4 4. e3 O-O 5. Ne2 d5 6. a3 Be7 7. cxd5 Nxd5 8. Bd2
Nd7 9. g3 Nxc3 10. Bxc3 c5 11. Bg2 cxd4 12. Bxd4 e5 13. Bc3 Nc5 14. O-O Bg4 15.
Qc2 Rc8 16. h3 Bh5 17. Bxe5 Bg6 18. Qd1 Qxd1 19. Raxd1 Bd3 20. Bf3 Ba6 21. Bd6
Bxd6 22. Rxd6 Nd3 23. b4 Ne5 24. Kg2 Rc2 25. Re1 Ra2 26. Nd4 Nxf3 27. Kxf3 Bc4
28. Rc1 b5 29. Ra6 Rc8 30. Rd1 Bd5+ 31. e4 Rc3+ 32. Kf4 Rxf2+ 33. Ke5 Ba2 34.
Nxb5 Rc8 35. Nd6 f6+ 36. Kd4 Rd8 37. Ke3 Rg2 38. Kf3 Rc2 39. Rd4 Rc7 40. Nb5
Rxd4 41. Nxd4 Rc3+ 42. Kf4 Rd3 43. Nf5 g6 44. Ne3 Bb1 45. Nd5 g5+ 46. Kg4 h5+
47. Kxh5 Rxg3 48. Rxa7 Rxh3+ 49. Kg4 Rb3 50. Nxf6+ Kf8 51. Kxg5 Ba2 52. Kf4 1-0

[Event "4NCL 2012-13"]
[Site "Hinckley ENG"]
[Date "2013.05.05"]
[Round "10.163"]
[White "Trent, Lawrence"]
[Black "Jackson, James P"]
[Result "1-0"]
[WhiteTitle "IM"]
[WhiteElo "2429"]
[BlackElo "2221"]
[WhiteTeam "Wood Green, Hilsmark Kingfisher"]
[BlackTeam "e2e4.org.uk"]
[WhiteFideId "408638"]
[BlackFideId "416860"]
[EventDate "2012.11.03"]

1. e4 g6 2. d4 Bg7 3. Nc3 d6 4. Be3 a6 5. f4 b5 6. Nf3 Bb7 7. Bd3 Nd7 8. e5 c5
9. Be4 Bxe4 10. Nxe4 Nh6 11. dxc5 Nf5 12. Bf2 dxe5 13. c6 Nf6 14. Qxd8+ Rxd8 15.
Nxf6+ exf6 16. c7 Rc8 17. Bb6 Kd7 18. fxe5 fxe5 19. Ng5 Kc6 20. Ba5 Nd6 21. O-O
f5 22. Ne6 Bf6 23. Nd8+ Bxd8 24. cxd8=Q Rhxd8 25. Bxd8 Rxd8 26. Rad1 Rc8 27. Rf3
Kd7 28. Rh3 Rxc2 29. Rxh7+ Ke6 30. Rh6 Ne4 31. Rxg6+ Kf7 32. Rxa6 Rxb2 33. h3
Nd2 34. Rc1 Rb1 35. Rxb1 Nxb1 36. Rc6 b4 37. Rc4 1-0

[Event "4NCL 2012-13"]
[Site "Hinckley ENG"]
[Date "2013.05.05"]
[Round "10.164"]
[White "Bird, Andrew"]
[Black "Arakhamia-Grant, Ketevan"]
[Result "1-0"]
[BlackTitle "GM"]
[WhiteElo "2210"]
[BlackElo "2414"]
[WhiteTeam "e2e4.org.uk"]
[BlackTeam "Wood Green, Hilsmark Kingfisher"]
[WhiteFideId "3204502"]
[BlackFideId "13600168"]
[EventDate "2012.11.03"]

1. Nf3 c5 2. b3 Nc6 3. Bb2 d5 4. e3 Bg4 5. h3 Bh5 6. Bb5 e6 7. g4 Bg6 8. Ne5 Ne7
9. h4 f6 10. Nxg6 hxg6 11. Qf3 Qb6 12. Bxc6+ Qxc6 13. d3 O-O-O 14. Nd2 e5 15. e4
d4 16. a4 Qe6 17. O-O-O Nc6 18. Nc4 Bd6 19. Kb1 Bc7 20. Ba3 b6 21. h5 gxh5 22.
gxh5 Rh7 23. Nd2 Rdh8 24. Nf1 Kb8 25. Ng3 Ne7 26. Rdg1 a6 27. Nf5 Nxf5 28. exf5
Qd6 29. Rg6 b5 30. axb5 axb5 31. Rhg1 b4 32. Bc1 Qd7 33. h6 gxh6 34. Rxf6 Bd8
35. Re6 Qa7 36. Qd5 Bc7 37. Reg6 Rd8 38. Rg8 Rh8 39. Rxh8 Rxh8 40. f6 Qb6 41. f7
Rf8 42. Rg8 1-0

[Event "4NCL 2012-13"]
[Site "Hinckley ENG"]
[Date "2013.05.05"]
[Round "10.165"]
[White "Bellon Lopez, Juan Manuel"]
[Black "Josse, Mark"]
[Result "1-0"]
[WhiteTitle "GM"]
[WhiteElo "2404"]
[BlackElo "2147"]
[WhiteTeam "Wood Green, Hilsmark Kingfisher"]
[BlackTeam "e2e4.org.uk"]
[WhiteFideId "2200031"]
[BlackFideId "414476"]
[EventDate "2012.11.03"]

1. d4 d5 2. Bf4 Nf6 3. e3 c5 4. dxc5 Nc6 5. Nf3 e6 6. a3 Bxc5 7. Nbd2 O-O 8. Bd3
Bd6 9. Bg5 h6 10. Bh4 e5 11. e4 Be6 12. exd5 Bxd5 13. c4 Be6 14. Bxf6 gxf6 15.
Nh4 Bb4 16. axb4 Qxd3 17. Ra3 Qd4 18. Rg3+ Kh7 19. Qb1+ Kh8 20. Nf5 Qf4 21. Ne3
Nd4 22. Qd1 Rad8 23. O-O Rd7 24. Qh5 Rg8 25. Rxg8+ Kxg8 26. h3 Nf5 27. Qe2 Nd4
28. Qd1 Qg5 29. Ne4 Qg6 30. Ng4 Bxg4 31. Qxg4 Qxg4 32. Nxf6+ Kg7 33. Nxg4 Ne2+
34. Kh2 f6 35. b5 Rd2 36. Ra1 h5 37. Ne3 a6 38. bxa6 bxa6 39. Rxa6 Rxb2 40. c5
Rb5 41. Ra7+ Kg6 42. c6 Rc5 43. c7 Nf4 44. g3 Ne6 45. Nd5 Kh6 46. h4 Rc6 47. Ra6 1-0

[Event "4NCL 2012-13"]
[Site "Hinckley ENG"]
[Date "2013.05.05"]
[Round "10.166"]
[White "Reimaa, Sven"]
[Black "Pein, Malcolm"]
[Result "0-1"]
[BlackTitle "IM"]
[WhiteElo "2107"]
[BlackElo "2376"]
[WhiteTeam "e2e4.org.uk"]
[BlackTeam "Wood Green, Hilsmark Kingfisher"]
[WhiteFideId "4501276"]
[BlackFideId "400289"]
[EventDate "2012.11.03"]

1. e4 e5 2. d4 exd4 3. Qxd4 Nc6 4. Qe3 Nf6 5. Nc3 Bb4 6. Bd2 O-O 7. O-O-O Re8 8.
Qg3 Rxe4 9. a3 Rg4 10. Qh3 Be7 11. f3 Rg6 12. Bd3 d5 13. g4 d4 14. Bxg6 hxg6 15.
Bg5 Qf8 16. Bxf6 gxf6 17. Nd5 Bxa3 18. Rd3 Bxb2+ 19. Kxb2 Qd6 20. Nf4 Qxf4 21.
Qg3 Qg5 22. Nh3 Qc5 23. Qxc7 Be6 24. Nf4 Qb4+ 25. Rb3 Bxb3 26. cxb3 Qc3+ 27. Ka3
a5 28. Rb1 a4 29. Qxb7 Rb8 30. Ne2 Qc5+ 31. b4 Rxb7 0-1

[Event "4NCL 2012-13"]
[Site "Hinckley ENG"]
[Date "2013.05.05"]
[Round "10.167"]
[White "Arvola, Benjamin"]
[Black "Mansson, James C"]
[Result "1-0"]
[WhiteTitle "FM"]
[WhiteElo "2347"]
[BlackElo "2123"]
[WhiteTeam "Wood Green, Hilsmark Kingfisher 2"]
[BlackTeam "e2e4.org.uk"]
[WhiteFideId "1506536"]
[BlackFideId "407100"]
[EventDate "2012.11.03"]

1. e4 c5 2. Nf3 d6 3. d4 cxd4 4. Nxd4 Nf6 5. Nc3 a6 6. Be3 e5 7. Nb3 Be6 8. h3
Nbd7 9. g4 h6 10. Qd3 Rc8 11. O-O-O b5 12. Nd5 Bxd5 13. exd5 Nb6 14. Bxb6 Qxb6
15. f4 Qf2 16. fxe5 dxe5 17. Be2 Bd6 18. Rhf1 Qb6 19. Nd2 Qa5 20. Kb1 Qa4 21.
Qf5 O-O 22. Bd3 Rfe8 23. Ne4 Nxe4 24. Bxe4 f6 25. Qh7+ Kf8 26. Bg6 e4 27. Rxf6+ 1-0

[Event "4NCL 2012-13"]
[Site "Hinckley ENG"]
[Date "2013.05.05"]
[Round "10.168"]
[White "Norinkeviciute, Rasa"]
[Black "Hegarty, Sarah N"]
[Result "1-0"]
[WhiteTitle "WFM"]
[BlackTitle "WFM"]
[WhiteElo "2010"]
[BlackElo "2133"]
[WhiteTeam "e2e4.org.uk"]
[BlackTeam "Wood Green, Hilsmark Kingfisher"]
[WhiteFideId "12801925"]
[BlackFideId "2501465"]
[EventDate "2012.11.03"]

1. c4 e6 2. g3 Nf6 3. Bg2 d5 4. Nf3 dxc4 5. Na3 Bxa3 6. bxa3 b5 7. a4 a6 8. Ba3
Nd5 9. Rb1 Nc6 10. Qc2 Nce7 11. Bc5 Bd7 12. O-O Rb8 13. Ne5 O-O 14. Rfd1 Be8 15.
e4 Nb6 16. d3 c3 17. axb5 axb5 18. Bxb6 Rxb6 19. Qxc3 Nc6 20. Nxc6 Rxc6 21. Qb2
Rd6 22. Qc3 Rd4 23. Rbc1 c6 24. f4 Ra4 25. Rd2 Qb6+ 26. Qc5 Qa6 27. Rcc2 b4 28.
d4 Qb7 29. Rb2 Bd7 30. Rdc2 Rfa8 31. h4 R8a5 32. Qe7 h6 33. Qd8+ Kh7 34. e5 Qa7
35. Be4+ g6 36. Rd2 b3 37. axb3 Rxd4 38. Kg2 Ra1 39. Qe7 Kg8 40. Qd8+ Kh7 41.
Qe7 Kg8 42. Qd8+ Kh7 43. h5 Rg1+ 44. Kh2 Rxg3 45. hxg6+ fxg6 46. Qe7+ Kg8 47.
Qd8+ Kh7 48. Qe7+ Kg8 49. Rg2 Qa1 50. Bxg6 Rxf4 51. Qh7+ Kf8 52. Qxh6+ Ke7 53.
Kxg3 Rf5 54. Qh4+ Kf8 55. Qd8+ Kg7 56. Qxd7+ Kxg6 57. Qxe6+ Kg7 58. Qxf5 Qe1+
59. Rbf2 Qe3+ 60. Rf3 Qe1+ 61. Kh3+ 1-0

[Event "4NCL 2012-13"]
[Site "Hinckley ENG"]
[Date "2013.05.05"]
[Round "10.171"]
[White "Ghasi, Ameet K"]
[Black "Chipanga, Takaedza"]
[Result "1-0"]
[WhiteTitle "IM"]
[WhiteElo "2434"]
[BlackElo "2140"]
[WhiteTeam "Warwickshire Select"]
[BlackTeam "Sambuca Sharks & Sons of Anarchy"]
[WhiteFideId "409200"]
[BlackFideId "11000260"]
[EventDate "2012.11.03"]

1. Nf3 Nf6 2. g3 d5 3. Bg2 c6 4. O-O Bg4 5. b3 Nbd7 6. Bb2 Bxf3 7. Bxf3 e5 8. c4
dxc4 9. bxc4 Bd6 10. Nc3 O-O 11. e3 Qe7 12. d4 e4 13. Bg2 h5 14. f3 exf3 15.
Qxf3 c5 16. Nb5 Rae8 17. Nxd6 Qxd6 18. Rad1 Qa6 19. dxc5 Qxc4 20. Bd4 Rb8 21.
Rb1 Rfd8 22. Rfc1 Qxa2 23. Rxb7 Qa3 24. Ra1 Qd3 25. c6 Rxb7 26. cxb7 Nb8 27.
Bxa7 Nfd7 28. Rd1 Qb5 29. Qd5 1-0

[Event "4NCL 2012-13"]
[Site "Hinckley ENG"]
[Date "2013.05.05"]
[Round "10.172"]
[White "Roberson, Peter T"]
[Black "Mason, Donald J"]
[Result "1/2-1/2"]
[WhiteTitle "FM"]
[WhiteElo "2357"]
[BlackElo "2222"]
[WhiteTeam "Sambuca Sharks & Sons of Anarchy"]
[BlackTeam "Warwickshire Select"]
[WhiteFideId "412384"]
[BlackFideId "405116"]
[EventDate "2012.11.03"]

1. e4 e6 2. d4 d5 3. Nd2 Nf6 4. e5 Nfd7 5. Bd3 c5 6. c3 Nc6 7. Ngf3 h6 8. a3 a5
9. Qe2 Be7 10. O-O c4 11. Bc2 b5 12. Ne1 Qc7 13. f4 g6 14. g4 Bb7 15. Ng2 O-O-O
16. f5 gxf5 17. gxf5 Rdg8 18. Nf3 Bg5 19. Nxg5 hxg5 20. Qg4 Ndxe5 21. dxe5 Nxe5
22. Qg3 g4 23. Bf4 Qb6+ 24. Be3 Qc7 25. Bf4 Qb6+ 26. Be3 Qc7 1/2-1/2

[Event "4NCL 2012-13"]
[Site "Hinckley ENG"]
[Date "2013.05.05"]
[Round "10.173"]
[White "Thomas, Nicholas"]
[Black "Rendle, Thomas E"]
[Result "1/2-1/2"]
[WhiteTitle "FM"]
[BlackTitle "IM"]
[WhiteElo "2283"]
[BlackElo "2381"]
[WhiteTeam "Warwickshire Select"]
[BlackTeam "Sambuca Sharks & Sons of Anarchy"]
[WhiteFideId "402117"]
[BlackFideId "408760"]
[EventDate "2012.11.03"]

1. e4 c5 2. Nc3 Nc6 3. g3 g6 4. Bg2 Bg7 5. d3 d6 6. f4 e6 7. Nf3 Nge7 8. O-O O-O
9. Be3 Nd4 10. Bf2 Bd7 11. Nxd4 cxd4 12. Ne2 Nc6 13. c3 dxc3 14. bxc3 Qa5 15.
Qb3 Rab8 16. d4 Qa6 17. Bf3 Na5 18. Qc2 Nc4 19. g4 Qa4 20. Qc1 Rfc8 21. f5 e5
22. d5 Qa3 23. Qxa3 Nxa3 24. Bxa7 Ra8 25. Bf2 Bh6 26. h4 Bd2 27. Be1 Be3+ 28.
Bf2 Bd2 29. Be1 Nc4 30. Bxd2 Nxd2 31. Rf2 Ra4 32. Ng3 Rxc3 33. Rxd2 Rxf3 34. Kg2
Raa3 35. Nh1 h5 36. Rb1 b5 37. fxg6 hxg4 38. gxf7+ Kxf7 39. Rf1 Rxf1 40. Kxf1 g3
41. Kg2 Kg6 42. Nxg3 b4 1/2-1/2

[Event "4NCL 2012-13"]
[Site "Hinckley ENG"]
[Date "2013.05.05"]
[Round "10.174"]
[White "Kulon, Klaudia"]
[Black "Pitcher, John"]
[Result "0-1"]
[WhiteTitle "WIM"]
[WhiteElo "2267"]
[BlackElo "2226"]
[WhiteTeam "Sambuca Sharks & Sons of Anarchy"]
[BlackTeam "Warwickshire Select"]
[WhiteFideId "1131044"]
[BlackFideId "411485"]
[EventDate "2012.11.03"]

1. e4 c5 2. Nf3 e6 3. d4 cxd4 4. Nxd4 Nc6 5. Nc3 Qc7 6. Be3 a6 7. Qd2 Nf6 8.
O-O-O Be7 9. f3 h5 10. Nb3 d6 11. g3 Rb8 12. h3 b5 13. Qg2 b4 14. Nb1 e5 15. g4
g6 16. Be2 a5 17. f4 a4 18. N3d2 exf4 19. Bxf4 Be6 20. b3 Na5 21. Nc4 Nxc4 22.
Bxc4 Bxc4 23. bxc4 Nd7 24. Qg3 Ne5 25. c5 Rc8 26. Rd5 h4 27. Qe1 Bf6 28. Qxb4
O-O 29. Qxa4 dxc5 30. Rf1 Bg7 31. Qb5 Rb8 32. Rxc5 Qa7 33. Qa5 Qb7 34. Nd2 Nc6
35. Rxc6 Qxc6 36. Bxb8 Rxb8 37. Qd5 Qc7 38. Nb3 Rc8 39. Qd3 Rd8 40. Qf3 Qe7 41.
Kb1 Rc8 42. Qd3 Rc3 43. Qd5 Rxh3 44. Nc5 Rc3 45. Nd3 Rc8 46. Kc1 Rd8 47. Qb3 h3
48. Qb6 h2 49. Qf2 Qa3+ 50. Kd1 Qxa2 51. Qf4 Rc8 52. Qc1 Qc4 53. Rh1 Qd4 54. Qd2
Qg1+ 55. Qe1 Qxg4+ 56. Qe2 Qg1+ 57. Qe1 Qg2 58. Nf2 Bd4 59. Qf1 Qxf1+ 60. Rxf1
Bxf2 0-1

[Event "4NCL 2012-13"]
[Site "Hinckley ENG"]
[Date "2013.05.05"]
[Round "10.175"]
[White "Shephard, Chris C W"]
[Black "Sreeves, Clement"]
[Result "1-0"]
[WhiteElo "2167"]
[BlackElo "2223"]
[WhiteTeam "Warwickshire Select"]
[BlackTeam "Sambuca Sharks & Sons of Anarchy"]
[WhiteFideId "470953"]
[BlackFideId "2402564"]
[EventDate "2012.11.03"]

1. c4 Nf6 2. Nc3 g6 3. e4 d6 4. d4 Bg7 5. Be2 O-O 6. Nf3 e5 7. O-O Nc6 8. d5 Ne7
9. Nd2 Nd7 10. b4 f5 11. f3 c5 12. bxc5 Nxc5 13. Nb3 Nxb3 14. Qxb3 Kh8 15. Be3
f4 16. Bf2 g5 17. c5 dxc5 18. Bxc5 Rf6 19. d6 Nc6 20. Nd5 Rxd6 21. Bxd6 Qxd6 22.
Rfc1 Nd4 23. Qd1 Bd7 24. Rab1 b5 25. Qf1 Rb8 26. Nb4 Be6 27. Rb2 a5 28. Nd5 b4
29. Bd3 a4 30. Rcb1 b3 31. axb3 axb3 32. Kh1 Bxd5 33. exd5 Qb4 34. Be4 Qc3 35.
Qa6 g4 36. fxg4 f3 37. gxf3 Rf8 38. Qf1 Qe3 39. Qf2 Qc3 40. Qh4 h6 41. Qh5 Rxf3
42. g5 Rf4 43. Qe8+ Rf8 44. Qg6 Nf5 45. gxh6 Kg8 46. Bxf5 Rf7 47. Be6 e4 48.
Qxf7+ Kh7 49. Bf5+ Kh8 50. Qe8+ Bf8 51. Qxf8# 1-0

[Event "4NCL 2012-13"]
[Site "Hinckley ENG"]
[Date "2013.05.05"]
[Round "10.176"]
[White "Williams, Samuel G"]
[Black "Lam, Paul G M"]
[Result "1-0"]
[WhiteElo "2253"]
[BlackElo "2123"]
[WhiteTeam "Sambuca Sharks & Sons of Anarchy"]
[BlackTeam "Warwickshire Select"]
[WhiteFideId "410977"]
[BlackFideId "411566"]
[EventDate "2012.11.03"]

1. d4 d6 2. Nf3 Bg4 3. c4 Nd7 4. Qb3 Rb8 5. Be3 Ngf6 6. Nc3 c6 7. h3 Bxf3 8.
exf3 g6 9. Be2 Bg7 10. f4 Qa5 11. Bf3 O-O 12. O-O b5 13. c5 b4 14. Na4 d5 15.
Qd1 Ne8 16. Bg4 e6 17. b3 Nc7 18. h4 Nb5 19. h5 Qd8 20. hxg6 hxg6 21. Be2 Qf6
22. Bxb5 cxb5 23. Nb2 Nxc5 24. dxc5 Qxb2 25. Rc1 Qxa2 26. Qd3 Rfc8 27. g4 d4 28.
Rc2 Qa5 29. Bd2 Qc7 30. Re1 a5 31. f5 exf5 32. gxf5 Qc6 33. Bf4 Re8 34. Rce2
Rxe2 35. Qxe2 Rc8 36. Bd6 gxf5 37. Kh2 Qe4 38. Qd2 Qh4+ 39. Kg2 Qg4+ 40. Kh2 Bh6
41. Qxh6 1-0

[Event "4NCL 2012-13"]
[Site "Hinckley ENG"]
[Date "2013.05.05"]
[Round "10.178"]
[White "Murphy, Hugh W"]
[Black "Roy, Ali"]
[Result "1-0"]
[WhiteElo "2152"]
[BlackElo "1857"]
[WhiteTeam "Sambuca Sharks & Sons of Anarchy"]
[BlackTeam "Warwickshire Select"]
[WhiteFideId "422444"]
[BlackFideId "2400456"]
[EventDate "2012.11.03"]

1. e4 e6 2. c4 d5 3. cxd5 exd5 4. exd5 Nf6 5. Bb5+ Nbd7 6. Nc3 Be7 7. Nf3 O-O 8.
O-O Nb6 9. d4 Nbxd5 10. Re1 c6 11. Bc4 Re8 12. Ne5 Be6 13. Qf3 Qc7 14. Bg5 Rad8
15. Ne2 b5 16. Bd3 Nb4 17. Bb1 c5 18. Nf4 cxd4 19. Nxe6 fxe6 20. a3 Nbd5 21. Bd3
Qb6 22. Qh3 a6 23. Rad1 Rf8 24. Ng4 h6 25. Bd2 Rd6 26. Ne5 Qc7 27. Qg3 Nh5 28.
Qg6 Nhf6 29. Rc1 Qb7 30. Bxh6 Bd8 31. Bg5 Bb6 32. Ng4 Qf7 33. Nh6+ 1-0

[Event "4NCL 2012-13"]
[Site "Hinckley ENG"]
[Date "2013.05.05"]
[Round "10.181"]
[White "Gormally, Daniel W"]
[Black "Holland, James P"]
[Result "1-0"]
[WhiteTitle "GM"]
[WhiteElo "2507"]
[BlackElo "2245"]
[WhiteTeam "Blackthorne Russia"]
[BlackTeam "BCM"]
[WhiteFideId "406465"]
[BlackFideId "416835"]
[EventDate "2012.11.03"]

1. e4 c5 2. c3 d5 3. exd5 Qxd5 4. d4 Nc6 5. Nf3 Bg4 6. Be2 e6 7. h3 Bh5 8. c4
Qd7 9. d5 Bxf3 10. Bxf3 Nd4 11. O-O e5 12. Re1 Bd6 13. Bf4 Qf5 14. Bg3 f6 15.
Nc3 Nxf3+ 16. gxf3 Kf7 17. Ne4 Qd7 18. b4 Rc8 19. f4 exf4 20. Qg4 f5 21. Nxd6+
Qxd6 22. Qxf5+ Nf6 23. Bxf4 Qd7 24. Re6 Qa4 25. Rxf6+ gxf6 26. Qe6+ Kg6 27. Kh2 1-0